Earth an introduction to physical geology
Saved in:
| Main Authors: | , |
|---|---|
| Other Authors: | |
| Format: | Book |
| Language: | English |
| Published: |
Boston
Pearson
2017.
|
| Edition: | Twelfth edition, Global edition. |
| Subjects: | |
| Tags: |
Add Tag
No Tags, Be the first to tag this record!
|
| Call Number : | QE 28.2 .T37 2017 |
MARC
| LEADER | 00000nam a2200000 c 4500 | ||
|---|---|---|---|
| 001 | 54319 | ||
| 003 | MY-KLNDU | ||
| 005 | 20241219014713.0 | ||
| 008 | 221104 20172017enka i 001 0 eng d | ||
| 020 | |a 9781292161839 | ||
| 020 | |a 1292161833 | ||
| 039 | 9 | |a 202211041236 |b VLOAD |c 202008201135 |d helmey |y 201904090949 |z helmey | |
| 090 | |a QE 28.2 |b .T37 2017 | ||
| 100 | 1 | |a Tarbuck, Edward J. |e author. | |
| 245 | 1 | 0 | |a Earth |b an introduction to physical geology |c Edward J. Tarbuck, Frederick K. Lutgens ; illustrated by Dennis Tasa. |
| 250 | |a Twelfth edition, Global edition. | ||
| 264 | 1 | |a Boston |b Pearson |c 2017. | |
| 264 | 4 | |a ©2017 | |
| 300 | |a 816 pages |b illustrations (colour), maps (colour) |c 28 cm. | ||
| 336 | |a text |2 rdacontent | ||
| 337 | |a unmediated |2 rdamedia | ||
| 338 | |a volume |2 rdacarrier | ||
| 500 | |a Includes index | ||
| 592 | |a 00103/HL/2019 (752) |b 2/12/2019 |c RM185.25 |h Han Lin Books | ||
| 650 | 0 | |a Physical geology |v Textbooks. | |
| 700 | 1 | |a Lutgens, Frederick K. |e author. | |
| 700 | 1 | |a Tasa, Dennis |e illustrator. | |
| 999 | |a vtls000063477 |c 54319 |d 54319 | ||


